Normas da OIT organizadas por temas

Detalles Bibliográficos
Autor principal: Scalřcio, Marcos
Formato: eBook
Lenguaje:portugués
Publicado: San Pablo: LTR, 2017
Materias:
Acceso en línea:Acceso restringido

MARC

LEADER 00000nam a22000007a 4500
005 20170529014142.0
007 cr|||| ||||
008 170529s2017 br |||||s|||| 00||0 por d
020 |a 978-85-361-9094-4 
035 |a 20291 
040 |a vLex 
090 |c 6721  |d 6721 
100 1 |a Scalřcio, Marcos 
245 1 0 |a Normas da OIT organizadas por temas  |h [Recurso electrn̤ico] /  |c Marcos Scalřcio 
256 |a Servicio en ln̕ea 
260 |a San Pablo:  |b LTR,  |c 2017 
300 |a 1 recurso electrn̤ico 
506 1 |a Disponible solo en los productos indicados  |d vLex Global  |d vLex Global (Academic Edition, excluding Law Schools)  |d vLex Global (U.S. Academic Edition, Law Schools)  |d vLex Global (U.S. Academic Edition, excluding Law Schools)  |d vLex Global (Academic Edition, Law Schools) 
650 0 4 |a Derecho Internacional  |z Brasil 
650 0 4 |a Derecho Laboral y Seguridad Social  |z Brasil 
740 0 |a vLex Libros (Servicio en ln̕ea) 
856 4 0 |u http://vlex.com/source/normas-oit-20291  |z Acceso restringido 
942 |c BOOK 
999 0 |a International Law 
999 0 |a Labor and Social Security Law